| 000 | 00862nam a2200253 i 4500 | ||
|---|---|---|---|
| 001 | 26532 | ||
| 003 | BD-RjUL | ||
| 005 | 20211209051029.0 | ||
| 008 | 140322s1976 ii b 001 0 eng | ||
| 035 | _a(BD-RjUL)26602 | ||
| 040 |
_aDLC _cDLC _dDLC _dBD-RjUL _beng |
||
| 041 | _aeng | ||
| 082 | 0 | 0 |
_a954.025 _bCHL 1976 |
| 100 | 1 |
_aChopra, Pran Nath. _981610 |
|
| 245 | 1 | 0 |
_aLife and letters under the Mughals / _cby P. N. Chopra. |
| 260 |
_aNew Delhi : _bAshajanak Publications, _c1976. |
||
| 300 |
_axx, 439 p. ; _c23 cm. |
||
| 500 | _a"Includes ... [author's] two earlier works, Some aspects of society and culture during the Mughal age and Social life under the Mughals." | ||
| 504 | _aIncludes Bibliography: p. [410]-424 and index. | ||
| 651 | 0 |
_aMogul Empire _xCivilization. _942940 |
|
| 942 |
_2ddc _cBK |
||
| 999 |
_c26532 _d26532 |
||